| 000 -CABECERA |
| fixed length control field |
01459nam a22002057a 4500 |
| 003 - IDENTIFICADOR DEL NÚMERO DE CONTROL |
| control field |
AR-CdUCM |
| 008 - DATOS DE LONGITUD FIJA--INFORMACIÓN GENERAL |
| fixed length control field |
190329b ||||| |||| 00| 0 spa d |
| 040 ## - FUENTE DE LA CATALOGACIÓN |
| Agencia/entidad que catalogó originalmente la obra |
MUNICIPALIDAD PROVINCIAL DEL CUSCO |
| Entidad que transcribió la catalogación |
BIBLIOTECA MUNICIPAL DEL CUSCO |
| 082 ## - NÚMERO DE LA CLASIFICACIÓN DECIMAL DEWEY |
| No. de Clasificación |
985.03 / |
| Notacion interna |
M41 / 1859 |
| 110 ## - ENTRADA PRINCIPAL--NOMBRE DE ENTIDAD CORPORATIVA |
| Nombre de la institución, jurisdicción como entrada principal |
Peru |
| 9 (RLIN) |
3560 |
| 245 ## - MENCIÓN DE TÍTULO |
| Título |
Memorias de los vireyes que han gobernado el Perú, durante el tiempo del coloniaje español : |
| Resto del título |
impresas de órden suprema / |
| 260 ## - PUBLICACIÓN, DISTRIBUCIÓN, ETC. |
| Lugar de publicación, distribución, etc. |
Lima : |
| Nombre de la editorial, distribuidor, etc. |
Librería central de Felipe Bailly, |
| Fecha de publicación, distribución, etc. |
1859. |
| 300 ## - DESCRIPCIÓN FÍSICA |
| Nº de Páginas Extensión |
6 tomos ; |
| Otros detalles físicos |
ilustraciones, pliegos, retratos, cuadros, |
| Dimensiones |
32 cm. |
| 505 ## - NOTA DE CONTENIDO CON FORMATO |
| Nota de contenido formateada |
Contenido: t.1. Don Juan de Mendoza y Luna, marqués de Montesclaros. Don Francisco de Borja y Aragón, príncipe de Esquilache. Don Baltasar de la Cueva, conde de Castellar. Ilustrísimo Don Melchor de Liñan y Cisneros -- t.2. Don Melchor de Navarra y Rocaful, duque de la Palata -- t.3. Don José de Armendáris, marqués de Castel-Fuerte. Don J.A. de Mendoza, marqués de Villagarcía -- t.4. Don José Antonio Manso de Velasco, conde de Superunda. Don Manuel Amat y Yunient, caballero de la Orden de San Juan -- t.5. Don Teodoro de Croix -- t.6. Frey Don Francisco Gil de Taboada y Lemos. |
| 650 ## - PUNTO DE ACCESO ADICIONAL DE MATERIA--TÉRMINO DE MATERIA |
| Descriptor |
Peru |
| 9 (RLIN) |
429 |
| 700 ## - PUNTO DE ACCESO ADICIONAL--NOMBRE DE PERSONA |
| Nombre Personal |
Fuentes, Manuel Atanasio, |
| 9 (RLIN) |
26827 |
| 942 ## - ELEMENTOS DE PUNTO DE ACCESO ADICIONAL (KOHA) |
| Fuente de clasificación |
|
| Tipo de item |
Libros-BMC |
| 945 ## - PROCESAMIENTO DE INFORMACIÓN LOCAL (OCLC) |
| Catalogador |
pjha |